Míľnik na ceste z krízy K 10. výročiu aprílového zasadania ÚV KSČ roku 1969

Bibliographic Details
Main Author: Gagaľ, Andrej (Author)
Format: Article
Language:Slovak
Subjects:

MARC

LEADER 00000nab a2200000 a 4500
001 vtls000024444
003 SK-MaSNL
005 20260303212422.0
008 160211c1979 xo 0 slo
015 |a SNBRB19rr/mm-uuuuu 
035 |a CL0034538 
040 |a SNKBUCL  |b slo  |c SNKBUCL  |e AACR2 
041 0 |a slo 
044 |a xo  |c SK 
080 |a 329.15(437)  |2 1981 
100 1 |a Gagaľ, Andrej  |4 aut  |9 1245150 
245 1 0 |a Míľnik na ceste z krízy  |b K 10. výročiu aprílového zasadania ÚV KSČ roku 1969  |c Andrej Gagaľ 
650 0 7 |a KSČ ÚV  |2 snkbucl  |9 924322 
651 7 |a 3100  |2 snkbucl  |9 920766 
655 7 |a články z novín a časopisov  |2 snkbucl  |9 267496 
773 0 |t Práca  |g Roč. 34, č. 82 (6. 4. 1979), s. 1 a 4 
850 |a Slovenská národná knižnica v Martine  |a MTA001 
852 |a SNK  |b KIS3GCP 
958 |a RK 
992 |a RBX 
999 |c 2207282  |d 2209212